Protocolo de Nagoya-Kuala Lumpur sobre responsabilidad y compensación suplementario al protocolo de Cartagena sobre seguridad de la biotecnología (Registro nro. 7444)

Detalles MARC
000 -CABECERA
Campo de control 01019nam a22002417a 4500
005 - FECHA Y HORA DE LA ULTIMA TRANSACCION
Campo de control 20130724114507.0
008 - ELEMENTOS DE LONGITUD FIJA—INFORMACION GENERAL
Campo de control 130724b -cn||||| |||| 00| 0 spa d
020 ## - ISBN
ISBN 9292253271
041 ## - IDIOMA
Código de idioma para texto/pista de sonido o título separado Español
044 ## - PAÍS DE PUBLICACIÓN
País de publicación Canadá
082 ## - NUMERO DE CLASIFICACION DECIMAL DEWEY
Número de clasificación 338.9
Número del ítem U58p
245 ## - MENCION DE TITULO
Título Protocolo de Nagoya-Kuala Lumpur sobre responsabilidad y compensación suplementario al protocolo de Cartagena sobre seguridad de la biotecnología
246 ## - FORMA VARIANTE DEL TITULO
Título propiamente dicho/forma breve del título Protocolo suplementario de Nagoya-Kuala Lumpur
260 ## - PUBLICACION, DISTRIBUCION, ETC. (PIE DE IMPRENTA)
Lugar de publicación, distribución, etc. Montreal (Canadá)
Nombre del editor, distribuidor, etc. Secretaría del convenio sobre diversidad biológica
Fecha de publicación, distribución, etc. 2011
300 ## - DESCRIPCION FISICA
Extensión 10 p.
Dimensiones 22 cm.
650 ## - ASIENTO SECUNDARIO DE MATERIA - TERMINO TEMATICO
Término temático o nombre geográfico como elemento de entrada Seguridad de la biotecnología
650 ## - ASIENTO SECUNDARIO DE MATERIA - TERMINO TEMATICO
Término temático o nombre geográfico como elemento de entrada Biodiversidad
Subdivisión general Derecho y legislación
650 ## - ASIENTO SECUNDARIO DE MATERIA - TERMINO TEMATICO
Término temático o nombre geográfico como elemento de entrada Derecho del medio ambiente
650 ## - ASIENTO SECUNDARIO DE MATERIA - TERMINO TEMATICO
Término temático o nombre geográfico como elemento de entrada Biodiversidad
Subdivisión general Cooperación internacional
650 ## - ASIENTO SECUNDARIO DE MATERIA - TERMINO TEMATICO
Término temático o nombre geográfico como elemento de entrada Biotecnología
710 ## - ASIENTO SECUNDARIO - NOMBRE CORPORATIVO
Nombre corporativo o de jurisdicción como elemento de entrada Las Naciones Unidas
Unidad subordinada Secretaría del convenio sobre diversidad biológica
-- Programa de las naciones unidas para el medio ambiente
942 ## - ELEMENTOS ADICIONALES (KOHA)
Sistema de clasificación Dewey Decimal Classification
Tipo de ítem
Existencias
Withdrawn status Lost status Sistema de Clasificación Damaged status No para préstamo Colección Inventariado Ubicación Permanente Ubicación actual Fecha de adquisición Fuente de Valor Valor Total Checkouts Número topográfico Inventario / Código de Barras Date last seen Ejemplar Price effective from Tipo de material
    Dewey Decimal Classification     General Inventariado 2017 Bogotá Bogotá 24/07/2013 Instituto 39000.00   LB-338.9 U58p 028687 24/07/2013 Ej. 1 24/07/2013 Libro
    Dewey Decimal Classification     General Inventariado 2017 Sala Fabio Quevedo Sala Fabio Quevedo 24/07/2013 Instituto 39000.00   LB-338.9 U58p 028686 24/07/2013 Ej. 2 24/07/2013 Libro
    Dewey Decimal Classification     General Inventariado 2017 Sala Fabio Quevedo Sala Fabio Quevedo 24/07/2013 Instituto 39000.00   LB-338.9 U58p 028685 25/07/2013 Ej. 3 24/07/2013 Libro